| 000 | 00781nam a22001937a 4500 | ||
|---|---|---|---|
| 999 |
_c6144 _d6144 |
||
| 005 | 20260317132331.0 | ||
| 008 | 260317b ||||| |||| 00| 0 eng d | ||
| 020 | _a9781616131890 | ||
| 040 | _cKH8 | ||
| 082 | _a641 | ||
| 100 |
_aJuntti,Oona Gaarder _eAuthor |
||
| 245 | _aWHAT IN THE WORLD IS A GREEN HOME? | ||
| 260 |
_a8000 West 78th Street,Edina,Minnesota 55439 _bABDO Publishing Company _c©2011 |
||
| 300 |
_a24 pages _bColour illustration _c24cm x 19.5cm |
||
| 520 | _aExplains what it means to be green, discusses how energy is used in homes, and looks at some of the ways in which people can save energy at home and help the Earth.-Library Thing- | ||
| 650 |
_aJuvenile Non Fiction _vEnvironmental Conservation |
||
| 655 | _aRecycling&Green Living | ||
| 942 |
_2ddc _cNFIC |
||